| 000 | 00565nam a2200193 a 4500 | ||
|---|---|---|---|
| 001 | 1770284919874 | ||
| 003 | YourLibrary | ||
| 005 | 20260205152336.0 | ||
| 008 | 260205s1999##################000#0#eng## | ||
| 020 | _a9780820443171 | ||
| 082 | 0 | 4 |
_a331.0947 _bSCH |
| 100 | 1 |
_aSchramm, Jürgen, _eauthor. |
|
| 245 | 1 | 0 | _aThe Full Use of Labour Potential in Transformation in the CEE States : |
| 260 |
_bPeter Lang Pub Incorporated, _c1999. |
||
| 300 | _a134 pages | ||
| 650 | 0 | _aBusiness & Economics. | |
| 942 | _cENGLISH | ||
| 040 |
_aYourLibrary _beng _cYourLibrary |
||
| 999 |
_c610322 _d610322 |
||